000 nam a22 7a 4500
999 _c232493
_d232493
003 Nust
005 20170220094255.0
008 170220b xxu||||| |||| 00| 0 eng d
010 _a00034269
020 _a0750648511
_cAvailable
040 _aDLC
_bDLC
_cRCMS
082 _22nd,ed.
_a623.812 BER
100 _aBertram Volker
245 _aPractical Ship Hydrodynamics
_cBertram Volker
260 _aLondon
_bButterworth Heinemann
_cc2000
300 _ax, 270 p. :
_bill. ;
_c26 cm.
650 _a1.Ships-Hydrodnamics
856 _3Table of contents only
_uhttp://www.loc.gov/catdir/toc/ecip0716/2007017469.html
942 _2ddc
_cBK